000 00738cam a2200265 i 4500
001 000018330
003 DO-SdBNP
005 20240619090500.0
008 240619s2019 sp b 100 0 spa
020 _a9789991672908
040 _aDO-SdBNP
_bspa
_cBNPHU
_erda
082 _bF899
_222
111 _939705
245 1 0 _aFrieda y los objetivos de desarrollo sostenible
264 _aSanto Domingo :
_bSociedad Industrial Dominicana,
_c2019
300 _a50 paginas. :
_bilustraciones ;
_c32 cm.
336 _2rdacontent
_atexto
_btxt
337 _2rdamedia
_asin mediación
_bn
338 _2rdacarrier
_avolumen
_bnc
590 _aInventariado,2024/DG
650 _939706
710 _939707
910 _aDG
942 _2ddc
_cLBS1
999 _c56884
_d56884